Scotland... or England? - Statistics

General Stats
  • This quiz has been taken 789 times
    556 since last reset
  • The average score is 13 of 16
Answer Stats
Question Answer % Correct
Where the capital city is not the largest by population Scotland
93%
Is one of the four constituent countries of the United Kingdom Both
92%
Is where the current Prime Minister is from England
92%
Has more counties England
92%
Borders Wales England
92%
Is the only "country" where a different soft drink outsells Coca Cola Scotland
92%
Has more islands Scotland
90%
Hosts an F1 Grand Prix England
89%
Has won the FIFA World Cup England
86%
Where the television, telephone, and penicillin were invented Scotland
83%
Has more than 2 official languages Scotland
80%
Is considered one of the six "Celtic Nations" Scotland
79%
Is geographically closer to Ireland Scotland
78%
Has a cross on its flag Both
76%
Where Christianity is the most practiced religion Both
69%
Extends further west Scotland
50%
No matching quizzes found
Score Distribution
Percent of People with Each Score
Percentile by Number Answered
Your Score History
You have not taken this quiz since the last reset